| 000 | 00559nam a2200205Ia 4500 | ||
|---|---|---|---|
| 003 | OSt | ||
| 005 | 20230506121415.0 | ||
| 008 | 210423s2004 xx 000 0 und d | ||
| 040 | _cAL | ||
| 041 | _aeng | ||
| 082 | _a574.87 HAWC | ||
| 100 |
_aHAWES (Chris);SATIAT JEUNEMAITRE (Beatrice),Ed. _999363 |
||
| 245 | _aPlant cell biology: a practical approach. | ||
| 250 | _a2 | ||
| 260 |
_aOxford _bOxford University Press _c2004 |
||
| 300 | _axx,338 | ||
| 365 |
_b525 _cINR |
||
| 906 | _aapproach. ; biology: ; cell ; Plant ; practical | ||
| 942 |
_2ddc _cBK |
||
| 999 |
_c163465 _d163465 |
||